O przekształceniach wnętrza wileńskiego kościoła bernardyńskiego w XVIII wieku słów kilka
| Titel: | O przekształceniach wnętrza wileńskiego kościoła bernardyńskiego w XVIII wieku słów kilka |
|---|---|
| Verfasser: | |
| In: |
Album amicorum, (2008), Seite 97-115 alle Artikel anzeigen |
| Veröffentlicht: | 2008 |
| Format: | Aufsatz |
| Sprache: | Polnisch |
X
alg: 39442322 001A $01999:12-11-16 001B $01999:01-06-17 $t17:46:03.000 001D $01999:12-11-16 001U $0utf8 001X $00 002@ $0Aox 003@ $0394423224 007A $0394423224 $aHEB 007T $0Herdkk00042368 010@ $apol 011@ $a2008 021A $aO przekształceniach wnętrza wileńskiego kościoła bernardyńskiego w XVIII wieku słów kilka 028A $aJanonienė $dRūta 031A $h97-115 $j2008 039B $aIn $8--Aau--. Album amicorum. - Toruń : Wydawnictwo Naukowe Uniwersytetu Mikołaja Kopernika, 2008. - 407 S.. - Ill.. - ISBN 83-231-2205-9 $x200800000000000903 $9366207512 lok: 39442322 78 exp: 39442322 78 1 #EPN 201B/01 $012-12-17 $t11:22:18.000 201U/01 $0utf8 203@/01 $0790533634 208@/01 $a12-11-16 $be 209A/01 $a/ $f000 $x00 220C/01 $aHerkunft: PBB/IH PAN 244Z/01 $2Trx $#Poola $#Lenkija $#Polija $#Polen Land $#Poland $#Lengyelország $#Poľsko $#Polsko $8--Trx--Polska$gkraj $x01 $9391345966 244Z/01 $2Trx $#Litauen $#Lithuania $#Litwa $#Litva $#Litva $8--Trx--Lietuva $x02 $9391193457 244Z/01 $#Wilna $#Wilna Vilnius $#Wilnjus $#Wilno $#Vilna $#Vilni $#Wilniuje $#Wilna $75057560-0 $8--Tg1--Vilnius $x03 $9044721684 244Z/01 $2Trx $#kirikud hooned $#bažnyčių pastatai $#churches buildings $#templomok épületek $#kościoły budynki $#kostoly budovy $#kostely budovy $8--Trx--Kirchen$gGebäude $x04 $9391363778 244Z/01 $2Trx $#ordud frantsiskaanid $#ordinas pranciškonų $#Order Franciscans $#szerzetesrendek Ferences szerzetesek $#zakony, franciszkanie $#rád, františkáni $#řád, františkáni $#Minoriten $#Bernhardiner $#Franziskaner $#Orden Bernhardiner $#minoryci $#bracia mniejsi $#bernardyni $#franciszkanie $#františkáni $#řád, minorité $#řád, bernardini $8--Trx--Orden$gFranziskaner $x05 $9391382888 244Z/01 $2Trx $8--Trx--Einzelbeiträge $x06 $9391384570 247C/01 $82080>Marburg/Lahn, Herder-Institut, Forschungsbibliothek, Bibliographieportal $9336309341
| LEADER | 00000caa a22000002c 4500 | ||
|---|---|---|---|
| 001 | 394423224 | ||
| 003 | DE-603 | ||
| 005 | 20170601174603.0 | ||
| 007 | tu | ||
| 008 | 161112s2008 xx |||| | u00||u|pol c | ||
| 035 | |a (DE-599)HEB394423224 | ||
| 040 | |a DE-603 |b ger |c DE-603 |d DE-603 | ||
| 041 | |a pol | ||
| 100 | 1 | |a Janonienė, Rūta | |
| 245 | 0 | 0 | |a O przekształceniach wnętrza wileńskiego kościoła bernardyńskiego w XVIII wieku słów kilka |
| 264 | 0 | |c 2008 | |
| 773 | 0 | 8 | |i In |t Album amicorum |d Toruń : Wydawnictwo Naukowe Uniwersytetu Mikołaja Kopernika, 2008 |h 407 S., Ill. |z 8323122059 |z 9788323122050 |g (2008), Seite 97-115 |w (DE-603)366207512 |
| 924 | 0 | |9 2080 |a (DE-603)790533634 |b DE-2080 |c HES |d d |g / | |


